| 000 | 01410nam a22002297a 4500 | ||
|---|---|---|---|
| 005 | 20250308094727.0 | ||
| 008 | 250308b ||||| |||| 00| 0 eng d | ||
| 020 | _a9780393884852 | ||
| 040 | _cAL | ||
| 041 | _aeng | ||
| 082 |
_223 _a572.8 _bALBM |
||
| 100 |
_aBruce Alberts _9205047 |
||
| 245 | _aMolecular biology of the cell | ||
| 250 | _a7th ed. | ||
| 260 |
_aNew York _bW W Norton & Co _c2022 |
||
| 300 |
_axxxviii,1474p _bPB _c27.5x21cm. |
||
| 365 |
_2General _aVBI-2366 _b₹8678.48 _c₹ _d₹11571.30 _e25% _f28/02/2025 |
||
| 520 | _aFor more than four decades, Molecular Biology of the Cell has distilled the vast amount of scientific knowledge to illuminate basic principles, enduring concepts and cutting-edge research. The Seventh Edition has been extensively revised and updated with the latest research, and has been thoroughly vetted by experts and instructors. The classic companion text, The Problems Book, has been reimagined as the Digital Problems Book in Smartwork, an interactive digital assessment course with a wide selection of questions and automatic-grading functionality. The digital format with embedded animations and dynamic question types makes the Digital Problems Book in Smartwork easier to assign than ever before―for both in-person and online classes. | ||
| 650 |
_2Biochemistry _aBiochemistry _9205048 |
||
| 700 |
_aHerald, Rebecca;et al. _9205049 |
||
| 942 |
_2ddc _cBK |
||
| 999 |
_c233908 _d233908 |
||